000 00687nam a2200301Ia 4500
005 20260401122250.0
008 008 250103s9999 xx 000 0 eng d
020 _a631232001
037 _aTB
040 _aEDL
040 _beng
040 _cEDL
041 _2eng
041 _aeng
084 _a801.9509 HAB
084 _qEDL
100 _aHabib, M.A.R.
_91233074
245 0 _aHistory of Literary Criticism: From Plato to Present
245 0 _cHabib, M.A.R.
260 _aMalden
260 _bBlackwell Publishing
260 _c2005
300 _a838p
942 _cTB
942 _h801.9509 HAB
999 _c1846070
_d1846070